Loading...
Historical linquistics /
| Main Author: | |
|---|---|
| Format: | Printed Book |
| Language: | English |
| Published: |
New Delhi :
Oxford & IBH,
1975.
|
| LEADER | 00428nam a2200121Ia 4500 | ||
|---|---|---|---|
| 008 | 150624b xxu||||| |||| 00| 0 eng d | ||
| 100 | |a Lehmann, Winfreed P. | ||
| 245 | |a Historical linquistics / |c Winfreed P. Lehmann | ||
| 260 | |a New Delhi : |b Oxford & IBH, |c 1975. | ||
| 300 | |a 297 p. | ||
| 942 | |c BK | ||
| 999 | |c 20340 |d 20340 | ||
| 952 | |0 1 |1 0 |4 0 |7 0 |9 20339 |a UL |b UL |c TR |d 1998-09-01 |l 0 |p 30235 |r 2012-10-27 |w 2012-10-27 |y BK |z Transferred to Dept. of English | ||